| 000 | 01048cam a2200289 a 4500 | ||
|---|---|---|---|
| 001 | 2797 | ||
| 005 | 20240115150236.0 | ||
| 020 | _a0679417249 | ||
| 040 |
_aDLC _cDLC _dOCoLC _dDLC _beng |
||
| 050 | 0 | 0 |
_aPR4567 _b.A1 1992 |
| 082 | 0 | 0 |
_a823/.8 _220 |
| 100 | 1 |
_aDickens, Charles, _d1812-1870 |
|
| 245 | 1 | 0 |
_aOliver Twist / _cCharles Dickens |
| 250 | _aFirst published 1992 | ||
| 260 |
_aOxford : _bOxford University Press, _c1992 |
||
| 300 |
_a70 pages : _billustrations ; _c20 cm |
||
| 505 | _aO | ||
| 520 | _aOliver Twist is a desperate orphan. A gang of thieves takes him in and teaches him to steal, but then he is caught. What will become of poor Oliver Twist? Kids can find out in this easy-to-read chapter book adaptation of the Dickens classic. | ||
| 521 |
_a700 _bLexile estimate |
||
| 521 |
_aO _bRaz-Plus |
||
| 650 | 0 |
_aKidnapping victims _vFiction. |
|
| 650 | 0 |
_aCriminals _xFiction. |
|
| 650 | 0 |
_aOrphans _xFiction. |
|
| 655 | 7 |
_aBildungsromans. _2gsafd |
|
| 906 |
_a7 _bcbc _corignew _d1 _eocip _f19 _gy-gencatlg |
||
| 942 |
_2ddc _cBK _n0 |
||
| 999 |
_c2797 _d2797 |
||